000 00842cam a2200265 a 4500
001 000013857
003 DO-SdBNP
005 20240206125206.0
008 980428s1996 ve b 000 0 spa d
020 _a9806397266
035 _a(DLC) 98144401
035 _a(OCoLC)39153188
040 _aDO-SdBNP
_bspa
_cBNPHU
049 _aBNGR
082 _a338.91
_bG112d
100 1 _aGabaldon, Arnoldo.
_931386
245 1 0 _aDialéctica del desarrollo sustentable :
_buna perspectiva latinoamericana /
_cArnoldo Gabaldon.
260 _aCaracas :
_bFundación Polar,
_c1996.
300 _a213 p. ;
_c23 cm.
504 _aIncluye bibliografía: (p. 213).
650 4 _aDesarrollo sostenible
_zAmérica Latina.
_931387
650 4 _aDesarrollo económico
_zAmérica Latina.
_931377
910 _aCatalogación por copia / LC
942 _2ddc
_cLBS1
999 _c13467
_d13467